Entrada Topical Term
Número de registros utilizados en: 4
001 - CONTROL NUMBER
003 - CONTROL NUMBER IDENTIFIER
005 - DATE AND TIME OF LATEST TRANSACTION
- control field:
20190514121348.0
008 - FIXED-LENGTH DATA ELEMENTS
- fixed length control field:
180808|| aca||aabn | a|a d
040 ## - CATALOGING SOURCE
- Original cataloging agency:
OSt
- Transcribing agency:
OSt
150 ## - HEADING--TOPICAL TERM
- Topical term or geographic name entry element:
Turismo
- General subdivision:
Gastronomia
670 ## - SOURCE DATA FOUND
- Source citation:
Work cat.: (OSt): Gobierno Constitucional del Estado de Oaxaca ; Secretaria de Desarrollo Turístico ; Unidad de Capacitación. 20932, Ayudante de Cocina /, [2004].